000 005450000a22001930004500
001 002434
003 MACL
005 20150704115903.0
008 150704b xxu||||| |||| 00| 0 eng d
040 _aMACL
_cMACL
041 _aEnglish
082 _a300/THA
100 _aThakur R.N
_9513
245 _aElites
_bParadigm and Change in Transnational Perspective:Contemporary social science series
260 _aKolkata
_c1988
_bIndian Institute Of Public Adminstration,
350 _a150
650 _aSocial Science
_929
942 _k300
_cBK
_2ddc
999 _c14346
_d14346